[Event "LSS No Engine Cup 154 Preliminary 0"]
[Site "LSS email"]
[Date "2016.05.29"]
[Round "?"]
[White "Dogan, Ahmet"]
[Black "Lainez, Jorge"]
[Result "1-0"]
[WhiteElo "1600"]
[BlackElo "1306"]
[PlyCount "41"]
[EventDate "2016.05.30"]
[EventType "tourn (corr)"]
[EventRounds "6"]
[EventCountry "GER"]
[SourceTitle "Corr 2022"]
[Source "ChessBase"]
[SourceDate "2021.10.24"]
[SourceVersion "1"]
[SourceVersionDate "2021.10.24"]
[SourceQuality "1"]

1. Nf3 d5 2. d4 Nc6 3. c4 dxc4 4. d5 Qxd5 5. Qxd5 Nf6 6. Qxc4 Be6 7. Qc2 0-0-0 8. e4 g6 9. Bb5 Bd7 10. 0-0 a6 11. Bxc6 Bxc6 12. Nc3 Nd7 13. Rd1 e6 14. Nd4 Bg7 15. Nxc6 bxc6 16. Na4 Ne5 17. Bf4 Rd7 18. Bxe5 Bxe5 19. Qxc6 Rxd1+ 20. Rxd1 Kb8 21. Nc5 1-0

[Event "LSS No Engine Cup 154 Preliminary 0"]
[Site "LSS email"]
[Date "2016.05.29"]
[Round "?"]
[White "Lombardi, Donato"]
[Black "Dogan, Ahmet"]
[Result "0-1"]
[WhiteElo "1200"]
[BlackElo "1600"]
[PlyCount "62"]
[EventDate "2016.05.30"]
[EventType "tourn (corr)"]
[EventRounds "6"]
[EventCountry "GER"]
[SourceTitle "Corr 2022"]
[Source "ChessBase"]
[SourceDate "2021.10.24"]
[SourceVersion "1"]
[SourceVersionDate "2021.10.24"]
[SourceQuality "1"]

1. e4 e5 2. Nf3 Nc6 3. d4 exd4 4. Nxd4 Bc5 5. Be3 Qf6 6. c3 Nge7 7. Be2 0-0 8. 0-0 d5 9. exd5 Nxd5 10. Bf3 Nxe3 11. fxe3 Qh6 12. Bxc6 Qxe3+ 13. Kh1 bxc6 14. Nd2 Bxd4 15. cxd4 Ba6 16. Re1 Qxd4 17. Nf3 Qxb2 18. Qa4 Bb5 19. Qg4 Rae8 20. a4 Bd3 21. Rad1 Rxe1+ 22. Rxe1 f5 23. Qf4 Be4 24. h3 Qb4 25. Rf1 Qxa4 26. Nd2 Qa3 27. Qxc7 Qxh3+ 28. Qh2 Bxg2+ 29. Kg1 Qxh2+ 30. Kxh2 Bxf1 31. Nxf1 a5 0-1